Music Quiz

Random Music or Artist Quiz
Score 0/90 Timer 20:00
0 Plays Today
Time Song % Correct
00:00Pumped Up Kicks
71.5%
00:08Cups (When I'm Gone)
71.3%
01:28Born in the USA
69.2%
00:16Santa Baby
68.5%
00:40New York, New York
63.8%
03:12I'll Be There for You
55.5%
00:24Great Balls of Fire
53.4%
00:32Whistle While You Work
53.4%
01:52Blue Suede Shoes
52.1%
07:20Seven Nation Army
48.3%
04:40Cold As Ice
45.3%
03:20Strawberry Fields Forever
44.5%
06:32The Twist
42.6%
09:04Venus
42.1%
08:40Drops of Jupiter
40.9%
03:44Zombie
40.4%
08:32Bye Bye Bye
40%
06:24My Name Is
37.5%
02:16Cars
37%
07:12Lithium
35.8%
06:48Titanium
35.7%
02:56I'm No Superman
34.3%
04:0099 Red Balloons
32.6%
08:24Kids
32.1%
05:28We're Not Gonna Take It
31.5%
08:56I'm Coming Out
31.1%
09:12Life On Mars?
31.1%
03:52No Rain
28.7%
05:52Brick House
28.1%
03:04Thank You For Being A Friend
27%
Time Song % Correct
09:52White Rabbit
25.8%
07:52You Make My Dreams
25.5%
08:00Free Bird
23.2%
02:32Midnight Train To Georgia
23%
04:24Closer
22.3%
03:36Passionfruit
21.1%
06:40The Trooper
20.2%
07:28Lets Stay Together
20.2%
07:36Monkey Wrench
19.4%
06:16Mean
18.7%
Sports ThemeFootball
18.3%
05:36Hard Times
18.1%
02:48Animal
16.8%
09:20MakeDamnSure
16.4%
09:36Chick, Chick, Chick, Chick, Chicken (Lay a Little Egg for Me)
14.7%
05:20Oliver's Army
14.5%
02:40Boss of Me
14.2%
09:28Chocolate
14.2%
08:48Saturn
14%
03:28Cherry Wine
13.8%
09:44I'm Putting All My Eggs In One Basket
13.8%
04:08Somebody Else
13.4%
Religion ThemeRoman Gods
13.4%
Holiday ThemeEaster
13.4%
06:56Sulfur
13.2%
00:56Spotlight
12.6%
07:04From Gold
12.6%
Science ThemeElements
12.5%
00:48Amsterdam
10.9%
Just For Fun ThemeFruit
10.9%
Time Song % Correct
05:12I Wanna Be Adored
10.6%
05:44In the Bleak Midwinter
10.4%
08:16Fly
9.8%
04:169 Crimes
8.9%
04:56Not a Second Time
7%
Literature ThemeCharles Dickens Books
7%
Television ThemeSitcom Theme Songs
6.6%
07:44Kitchen Sink
6%
04:48Vietnam
5.8%
04:32Nine Lives
5.5%
05:04The First Time
5.5%
Miscellaneous ThemeThe Number Nine
5.3%
History ThemeWars
5.1%
01:12Happy Little Pill
4.7%
01:36Brian Song
4.7%
01:04Rome
4.2%
02:24Free Man in Paris
4.2%
01:20I Think I can Beat Mike Tyson
3.4%
Gaming ThemeCluedo
3%
02:08Michael Caine
2.8%
01:44Touch Me (All Night Long)
2.3%
06:08Lemonade
1.7%
Music ThemeThe Beach Boys
1.5%
06:00Amen
1.5%
08:08Rhythms
1.5%
Geography ThemeCities in New York
1.1%
Language ThemeAnagrams
1.1%
Entertainment ThemeNo Vowels
0.9%
02:00Pick a Bale of Cotton
0.8%
Movies ThemeThe Dark Knight
0.8%
Come Together.
Have Fun.
All Virtual.
We all need to come together. Play Sporcle's virtual live trivia to have fun, connect with people, and get your trivia on. Join a live hosted trivia game for your favorite pub trivia experience done virtually. If a virtual private party is more your thing, go here for details.

You're not logged in!

Compare scores with friends on all Sporcle quizzes.
OR
Log In

Sporcle TV

Today on Sporcle TV


Watch our educational content, quiz creation guides, and fun videos on Sporcle TV.

Show Comments

Extras

Top Quizzes Today


Score Distribution

Paid Content

Your Account Isn't Verified!

In order to create a playlist on Sporcle, you need to verify the email address you used during registration. Go to your Sporcle Settings to finish the process.

Report this User

Report this user for behavior that violates our Community Guidelines.

Details: